ON CERTAIN TRANSFORMATIONS OF SETS IN RN

Bibliographic Details
Main Author: Pal, M. (Author)
Format: Article
Language:English

MARC

LEADER 00000nab a2200000uu 4500
001 vtls010907147
003 SK-MaSNL
005 20260303142500.0
008 230222|1974 xo |||||||||||||||||eng|
015 |a SNBRB 
035 |a (urnnbn)urn:nbn:sk:snk:ar-a07xcr 
035 |a (uuid)9ecc4f54-8159-4d20-902c-178969a30b0b 
035 |a urn:nbn:sk:snk-ab8xc0 
040 |a SNKBUCL  |b slo  |c SNKBUCL  |e AACR2 
041 0 |a eng 
044 |a xo  |c SK 
100 1 |a Pal, M.  |4 aut  |9 1162793 
245 1 0 |a ON CERTAIN TRANSFORMATIONS OF SETS IN RN  |c M. Pal 
773 0 |t Acta Facultatis rerum naturalium Universitatis Comenianae  |g Roč. 29, č. 29 (1974), s. 43-53 
958 |a OND 
958 |a EUIPO 
958 |a article10 
999 |c 1983313  |d 1985243